All MCU Projects in Release Date Order - Statistics

General Stats
  • This quiz has been taken 318 times
    26 since last reset
  • The average score is 32 of 60
Answer Stats
Type Year of Release Answer % Correct
Movie 2008 Iron Man
100%
Movie 2010 Iron Man 2
100%
Movie 2008 The Incredible Hulk
100%
Movie 2011 Captain America: The First Avenger
94%
Movie 2013 Iron Man 3
94%
Movie 2012 The Avengers
94%
Movie 2011 Thor
94%
Movie 2015 Ant-Man
88%
Movie 2016 Captain America: Civil War
88%
Movie 2014 Captain America: The Winter Soldier
88%
Movie 2016 Doctor Strange
88%
Movie 2014 Guardians of the Galaxy
88%
Movie 2013 Thor: The Dark World
88%
Movie 2015 Avengers: Age of Ultron
81%
Movie 2018 Avengers: Infinity War
81%
Movie 2018 Black Panther
81%
Movie 2017 Spider-Man: Homecoming
81%
Movie 2017 Thor: Ragnarok
81%
Movie 2018 Ant-Man and the Wasp
75%
Movie 2019 Avengers: Endgame
75%
Movie 2017 Guardians of the Galaxy Vol. 2
75%
Movie 2019 Captain Marvel
69%
Series 2021 Loki
69%
Movie 2019 Spider-Man: Far Frome Home
69%
Series 2021 WandaVision
63%
Movie 2021 Black Widow
56%
Series 2021 The Falcon and the Winter Soldier
56%
Movie 2022 Doctor Strange in the Multiverse of Madness
50%
Movie 2021 Spider-Man: No Way Home
50%
Movie 2021 Eternals
44%
Series 2022 Moon Knight
44%
Movie 2021 Shang-Chi and the Legend of the Ten Rings
44%
Series 2022 Ms. Marvel
38%
Special 2022 The Guardians of the Galaxy Holiday Special
38%
Movie 2023 The Marvels
38%
Special 2022 Werewolf by Night
38%
Series 2021 What If...?
38%
Movie (Upcoming) 2026 - DEC Avengers: Doomsday
31%
Movie (Upcoming) 2027 - DEC Avengers: Secret Wars
31%
Movie 2022 Black Panther: Wakanda Forever
31%
Movie 2025 Captain America: Brave New World
31%
Movie 2024 Deadpool & Wolverine
31%
Movie 2023 Guardians of the Galaxy Vol. 3
31%
Series 2021 Hawkeye
31%
Series 2025 Marvel Zombies
31%
Movie (Upcoming) 2026 - JUL Spider-Man: Brand New Day
31%
Movie 2025 The Fantastic Four: First Steps
31%
Movie 2025 Thunderbolts* / The New Avengers
31%
Movie 2023 Ant-Man and the Wasp: Quantumania
25%
Series 2025 Eyes of Wakanda
25%
Special (Upcoming) 2026 - MAY The Punisher: One Last Kill
25%
Movie 2022 Thor: Love and Thunder
25%
Series (Upcoming) 2026 Vision Quest
25%
Series 2026 Wonder Man
25%
Series 2024 Agatha All Along
19%
Series 2025 Daredevil: Born Again
19%
Series 2024 Echo
19%
Series 2025 Ironheart
19%
Series 2023 Secret Invasion
19%
Series 2022 She-Hulk: Attorney At Law
19%
No matching quizzes found
Score Distribution
Percent of People with Each Score
Percentile by Number Answered
Your Score History
You have not taken this quiz since the last reset